LEADER 01601nam a2200289 i 4500 001 000000185386 003 CaOOAMICUS 005 20100203000000.0 008 100203s2007 it u000 u mul u 013 $a163389 020 $a978-88-343-1448-7 040 $aSeMil$bita 100 1 $aModigliani, Franco.$0(OLS)http://semarc/name/59736 245 10$aCrisi del sistema economico, prezzi politici e autarchia :$bcinque articoli giovanili : Roma 1937-1938 = The crisis of the economic system, political prices and autarky : five early works /$cFranco Modigliani. 246 01$aThe crisis of the economic system, political prices and autarky : five early works 260 $aMilano :$bV&P,$ccopyr. 2007. 300 $aXIII, 94 p. ;$c22 cm. 490 0 $aV&P Università. Economia. Ricerche 650 4$aCrisi economiche.$0(OLS)http://semarc/subject/28126 830 0$aUniversità. Economia. Ricerche.$0(OLS)http://semarc/title/10512 850 $aSeMil 852 $aSeMil$W1$xVenegono$y1$m3M IV 200$j136077$B136077$CSeMilBibl$Z2$F148143 $81 961 $aOmaggio: Scalvinoni Elena 996 $6020$a978-88-343-1448-7$9(OLS)http://semarc/number/175520 996 $6245$aCrisi del sistema economico, prezzi politici e autarchia :$bcinque articoli giovanili : Roma 1937-1938 = The crisis of the economic system, political prices and autarky : five early works$9(OLS)http://semarc/title/266391 996 $6246$aThe crisis of the economic system, political prices and autarky : five early works$9(OLS)http://semarc/title/266392 996 $6260$aMilano :$bV&P$9(OLS)http://semarc/publisher/32040 LEADER 00689naa a2200145 i 4500 001 000000295677 003 CaOOAMICUS 005 20180831172530.0 008 180831n xx u000 u und u 013 $a2987 040 $aSeMil$bita 100 1 $aSöding, Thomas,$d<1956- >.$0(OLS)http://semarc/name/90422 245 10$aLernen unter dem Kreuz-Neutestamentliche Lektionen :$bzum markinischen Passionsbericht (Mk 15,20b-41) 773 0 $tKreuz im Widerspruch.$dFreiburg ; Basel ; Wien : Herder, 1996.$kQuaestiones disputatae $z3-451-02162-5$w()48978 996 $6245$aLernen unter dem Kreuz-Neutestamentliche Lektionen :$bzum markinischen Passionsbericht (Mk 15,20b-41)$9(OLS)http://semarc/title/371728